000
00360nam a2200145 a 4500
005
20140412111419.0
008
070906s19uu xx 00 eng d
020
_a
1-933821-84-1
050
_a
REF 030
_b
R79 2008
245
_a
Almanac 2008.
260
_a
Canada :
_b
A Time Inc. Company,
_c
2008.
300
_a
255
440
_a
Time for kids
999
_c
105941
_d
105941